| 000 | 00479nam a2200169Ia 4500 | ||
|---|---|---|---|
| 001 | 13599 | ||
| 003 | GE_BSU | ||
| 008 | 181216s||||||||xx |||||||||||||| ||und|| | ||
| 040 | _cGE_BSU | ||
| 245 | _aСоциально-гуманитарные знания.№5. 2014 | ||
| 245 | _cгл. ред.Миронов А.В. | ||
| 260 | _aМосква | ||
| 260 | _c2014 | ||
| 300 | _a368стр.20см. | ||
| 653 | _aСоциально-гуманитарные знания | ||
| 942 | _cCR | ||
| 999 |
_c46755 _d46755 |
||